What language did they speak? #4 - Statistics

General Stats
  • This quiz has been taken 242 times
  • The average score is 11 of 15
Answer Stats
Person Language % Correct
Adolf Hitler German
99%
William Shakespeare English
98%
Vladimir Lenin Russian
98%
Pablo Picasso Spanish
94%
Marco Polo Italian
92%
LeBron James English
91%
Shakira Spanish
90%
Novak Djokovic Serbian
87%
Dom Pedro Portuguese
78%
Nursultan Nazarbayev Kazakh
75%
Dalai Lama Xining
69%
Simo Häyhä (White Death) Finnish
62%
Usain Bolt Jamaican Patois
43%
Crazy Horse Lakota
35%
Sheikh Mujibur Rahman Bengali
27%
No matching quizzes found
Score Distribution
Percent of People with Each Score
Percentile by Number Answered
Your Score History
You have not taken this quiz